<?xml version="1.0" encoding="UTF-8"?>
<record
    xmlns:xsi="http://www.w3.org/2001/XMLSchema-instance"
    xsi:schemaLocation="http://www.loc.gov/MARC21/slim http://www.loc.gov/standards/marcxml/schema/MARC21slim.xsd"
    xmlns="http://www.loc.gov/MARC21/slim">

  <leader>00667    a2200193   4500</leader>
  <datafield tag="999" ind1=" " ind2=" ">
    <subfield code="c">26545</subfield>
    <subfield code="d">26545</subfield>
  </datafield>
  <controlfield tag="008">230628b           ||||| |||| 00| 0 eng d</controlfield>
  <datafield tag="020" ind1=" " ind2=" ">
    <subfield code="a">9780814437537</subfield>
    <subfield code="c">Rs1626.00</subfield>
  </datafield>
  <datafield tag="041" ind1="0" ind2=" ">
    <subfield code="a">eng</subfield>
  </datafield>
  <datafield tag="082" ind1="0" ind2="0">
    <subfield code="a">658.7 </subfield>
    <subfield code="b">B693</subfield>
  </datafield>
  <datafield tag="100" ind1=" " ind2=" ">
    <subfield code="9">5578</subfield>
    <subfield code="a">Bolstorff, Peter</subfield>
  </datafield>
  <datafield tag="245" ind1=" " ind2=" ">
    <subfield code="a">Supply Chain Excellence : A Handbook for dramatic improvement using the SCOR model /</subfield>
  </datafield>
  <datafield tag="250" ind1=" " ind2=" ">
    <subfield code="a">3rd ed.</subfield>
  </datafield>
  <datafield tag="260" ind1=" " ind2=" ">
    <subfield code="a">[S.l.] :</subfield>
    <subfield code="b">Harper Collins Leadership,</subfield>
    <subfield code="c">c2012.</subfield>
  </datafield>
  <datafield tag="300" ind1=" " ind2=" ">
    <subfield code="a">xviii, 284 p. :</subfield>
    <subfield code="b">ill. ;</subfield>
    <subfield code="c">24 cm.</subfield>
  </datafield>
  <datafield tag="500" ind1=" " ind2=" ">
    <subfield code="a">Adapted for using SAP and Global projects</subfield>
  </datafield>
  <datafield tag="650" ind1=" " ind2="0">
    <subfield code="a">Business Logistics</subfield>
  </datafield>
  <datafield tag="700" ind1=" " ind2=" ">
    <subfield code="9">5579</subfield>
    <subfield code="a">Rosenbaum, Robert</subfield>
  </datafield>
  <datafield tag="942" ind1=" " ind2=" ">
    <subfield code="2">ddc</subfield>
    <subfield code="c">BK</subfield>
  </datafield>
  <datafield tag="952" ind1=" " ind2=" ">
    <subfield code="0">0</subfield>
    <subfield code="1">0</subfield>
    <subfield code="2">ddc</subfield>
    <subfield code="4">0</subfield>
    <subfield code="6">658_700000000000000_B693</subfield>
    <subfield code="7">0</subfield>
    <subfield code="9">51068</subfield>
    <subfield code="a">CL</subfield>
    <subfield code="b">CL</subfield>
    <subfield code="c">REF</subfield>
    <subfield code="d">2023-06-28</subfield>
    <subfield code="e">5</subfield>
    <subfield code="g">3522.00</subfield>
    <subfield code="o">658.7  B693</subfield>
    <subfield code="p">14211</subfield>
    <subfield code="r">2023-06-28</subfield>
    <subfield code="v">3522.00</subfield>
    <subfield code="y">BK</subfield>
  </datafield>
  <datafield tag="952" ind1=" " ind2=" ">
    <subfield code="0">0</subfield>
    <subfield code="1">0</subfield>
    <subfield code="2">ddc</subfield>
    <subfield code="4">0</subfield>
    <subfield code="6">658_700000000000000_B693</subfield>
    <subfield code="7">0</subfield>
    <subfield code="9">51069</subfield>
    <subfield code="a">CL</subfield>
    <subfield code="b">CL</subfield>
    <subfield code="d">2023-06-28</subfield>
    <subfield code="e">5</subfield>
    <subfield code="g">3522.00</subfield>
    <subfield code="o">658.7  B693</subfield>
    <subfield code="p">14212</subfield>
    <subfield code="r">2023-06-28</subfield>
    <subfield code="v">3522.00</subfield>
    <subfield code="y">BK</subfield>
  </datafield>
  <datafield tag="952" ind1=" " ind2=" ">
    <subfield code="0">0</subfield>
    <subfield code="1">0</subfield>
    <subfield code="2">ddc</subfield>
    <subfield code="4">0</subfield>
    <subfield code="6">658_700000000000000_B693</subfield>
    <subfield code="7">0</subfield>
    <subfield code="9">51070</subfield>
    <subfield code="a">CL</subfield>
    <subfield code="b">CL</subfield>
    <subfield code="d">2023-06-28</subfield>
    <subfield code="e">5</subfield>
    <subfield code="g">3522.00</subfield>
    <subfield code="l">3</subfield>
    <subfield code="m">2</subfield>
    <subfield code="o">658.7  B693</subfield>
    <subfield code="p">14213</subfield>
    <subfield code="r">2024-08-26</subfield>
    <subfield code="s">2024-08-20</subfield>
    <subfield code="v">3522.00</subfield>
    <subfield code="y">BK</subfield>
  </datafield>
</record>
